Personnalités de A à Z (7) - Statistiques

Statistiques générales
  • Ce quiz a été pris 107 fois
  • Le résultat moyen est 6 sur 23
Statistiques - réponses
Par images Réponse % Correct
Gabriel {Attal}
100%
Gustave {Eiffel}
82%
Georges {Clémenceau}
73%
Géraldine {Nakache}
69%
Gaspard {Ulliel}
58%
Gisèle {Halimi}
43%
Georges {Marchais}
40%
Georges {Simenon}
18%
Georgette {Lemaire}
17%
Georges {Descrières}
14%
Georges {Perec}
14%
Gérard {Rinaldi}
14%
Georges {Kiejman}
10%
George {Wilson}
7%
Gaston {Ouvrard}
6%
Georges {Feydeau}
6%
Gilbert {Trigano}
5%
Gabriel {Yared}
3%
Georges {Bernanos}
3%
Georges {Jouvin}
3%
Suzanne {Gabriello}
3%
Gregory {Isaacs}
1%
Gaëlle {Voiry}
0%
Aucun quiz correspondant
Distribution des résultats
% des personnes avec chaque résultat
Percentile par nombre de réponses
Votre historique - résultats
Vous n’avez pas pris ce quiz